Timoteo va a la escuela /

Shranjeno v:
Bibliografske podrobnosti
Glavni avtor: Wells, Rosemary (texto e ilustración)
Format: Knjiga
Jezik:španščina
Izdano: México : Promexa : Altea, 1982, c1982
Serija:(Benjamin)
Teme:
Oznake: Označite
Brez oznak, prvi označite!

MARC

LEADER 00000nam^a2200000^a^4500
001 000621122
005 20250923000000.0
009 20260310133852.318
020 |a 968-34-0271-2 
020 |a 84-372-1751-2 
037 |a Acervo ITESO - Biblioteca 
041 |a ESP 
082 |a 808. 899282  |b WEL 
100 |a Wells, Rosemary  |e (texto e ilustración) 
245 1 0 |a Timoteo va a la escuela /  |c Texto e il. de R. Wells ; tr. por Miguel A. Diéguez. 
264 4 |a México :  |b Promexa :  |b Altea,  |c 1982, c1982 
300 |a 1 v. (sin paginación) 
336 |a texto  |b txt  |2 rdacontenido 
337 |a sin mediación  |b n  |2 rdamedio 
338 |a volumen  |b nc  |2 rdasoporte 
440 1 |a (Benjamin) 
500 |a Traducción de: Timothy Goes to School 
649 |a XX 
650 |a Cuentos Infantiles 
650 |a Cuentos Norteamericanos 
650 |a Literatura Norteamericana -  |y Siglo XX 
650 |a Literatura de Mujeres -  |z EUA 
650 |a Literatura Infantil -  |z EUA 
910 |a Fondo Castillo-Martínez 
920 |a Impresos - Libros 
930 |a Fondos Especiales 
940 |a Literatura 
905 |a 127 
901 |a 621654-10  |b IT2  |c ESP  |i D129596  |u 20250923 
902 |a https://opac.biblio.iteso.mx/vufind/Record/000621122